| 000 | 00499nam a2200145Ia 4500 | ||
|---|---|---|---|
| 008 | 170221s9999 xx 000 0 und d | ||
| 100 | _aCmeciu, Camelia. | ||
| 245 | _aBeyond the Narrative Visualization of Infographics on European Issues | ||
| 245 | _cCamelia Cmeciu, Madalina Manolache, Alexandra Bardan. | ||
| 260 | _bStudies in Media and Communication | ||
| 260 | _c2012 | ||
| 650 | _xCommunication | ||
| 650 | _xMedia Arts | ||
| 856 | _uhttp://redfame.com/journal/index.php/smc/issue/view/10 | ||
| 999 |
_c310568 _d310568 |
||